Dissection guides : the frog

Bibliographic Details
Main Author: Rowett, H. G. Q. (Author)
Format: Book
Published: London : John Murray , 1978
Subjects:

MARC

LEADER 00000cam a2200000 7i4500
001 0000003526
005 20021118093000.0
008 021118n
020 |a 0719511828 
090 0 0 |a QL668.E2   |b R6 
100 0 |a Rowett, H. G. Q. ,   |e author 
245 0 0 |a Dissection guides :   |b the frog   |c H. G. Q. Rowett 
260 2 |a London :   |b John Murray ,   |c 1978 
300 |a 64 p. : ill. ; ;   |c 25 cm. 
650 0 |a Dissection 
650 0 |a Frogs   |x Anatomy 
999 |a 1000032670   |b Book   |c OPEN SHELF (30 DAYS)   |e Gong Badak Campus